000 01284nam a22003737a 4500
003 CHAP
005 20220817044506.0
008 111021s2007 it r 00010 eng d
010 _a102432
011 _a103404
020 _a9789251056851
035 _a114093
040 _cCHAP
082 0 4 _a639.2
_bF46y
110 2 _aFAO
245 1 0 _aReport and documentation of the expert workshop on marine protected areas and fisheries management :
_breview of issues and considerations
_c/por FAO
260 _aRoma :
_bFAO,
_c2007
300 _av, 332 p. :
_agráfs., mapa, tablas
490 0 _aFAO. Informe de pesca
_v; 825
500 _aGCP/INT/942/JPN
500 _aRome, 12-14 June 2006
590 _aBATCH-UPD
_b10
_c20130110
_lUCH01
_h1045
590 _aBATCH-UPD
_b10
_c20130410
_lUCH01
_h0528
590 _aBATCH-UPD
_b10
_c20130914
_lUCH01
_h1347
590 _aCONVERSION
_b10
_c20130109
_lUCH01
_h1356
650 1 4 _aPesca sostenible.
_987440
650 1 4 _aPesca
_xAdministración.
_987353
650 1 4 _aRecursos marinos.
710 2 2 _aFAO. Gobierno de Japón Programa de Cooperación.
_939571
830 0 _aFAO. Informe de pesca
_v; 825
_939587
901 _aBK
942 _cLIBRO
949 _a639.2 F46y v.825
_bBC
_cFAO
_d33724002086934
_eFAO1
_gDonaciØn
_h116004
_i114093
_sb
999 _c102432
_d102432